Sports Quiz

Random Sports or Clickable Quiz

2016 Summer Olympics Sports Quiz Stats

Quiz Updated Aug 6, 2016

Also try: Olympics Cities
Challenge
Share
Tweet
Embed
Score 0/31 Timer 05:00
8 Plays Today
% Correct
Diving
91.2%
Gymnastics
91.1%
Volleyball
90.4%
Swimming
90.4%
Track and Field (Athletics)
89.9%
Tennis
89.6%
Cycling
89.6%
Archery
89.5%
Water Polo
89.4%
Basketball
89%
Fencing
88.4%
Football (Soccer)
88%
Rowing
88%
Weightlifting
87.5%
Table Tennis
86.4%
Boxing
86.2%
% Correct
Shooting
85.7%
Equestrian
84.3%
Judo
82.8%
Wrestling
82.4%
Badminton
81.7%
Hockey (Field Hockey)
80.4%
Triathlon
80.4%
Golf
79.9%
Sailing
78.6%
Modern Pentathlon
77%
Handball
75.3%
Taekwondo
71%
Canoeing
70.5%
Rugby Sevens
66.7%
Trampoline
61.6%

You're not logged in!

Compare scores with friends on all Sporcle quizzes.
Sign Up with Email
OR
Log In

You Might Also Like...

Show Comments

Extras

Top Quizzes Today


Score Distribution

Your Account Isn't Verified!

In order to create a playlist on Sporcle, you need to verify the email address you used during registration. Go to your Sporcle Settings to finish the process.